| 000 | 01265nam0a2200325 i 4500 | ||
|---|---|---|---|
| 001 | RU\NLR\BIBL_A\09993830 | ||
| 005 | 20241103122100.0 | ||
| 010 |
_a9785399005058 _94000 |
||
| 021 |
_aRU _b2013-76675 _95280 |
||
| 035 | _a(NLR Aleph) 009993830 | ||
| 090 |
_a9748061 _c9748061 |
||
| 100 | _a20131029d2013 u y0rusy50 ca | ||
| 101 | 1 |
_arus _ceng |
|
| 102 | _aRU | ||
| 105 | _aa|||||||||||| | ||
| 200 | 1 |
_aМудрость твоего лица _eизмени свою жизнь с помощью китайского искусства физиогномики! _fДжин Ханер _g[пер. с англ. Н. Лебедевой] |
|
| 210 |
_aМосква _cСофия _d2013 |
||
| 215 |
_a255 с. _cил. _d21 |
||
| 300 | _aЗагл. и авт. ориг.: The wisdom of your face / Jean Haner | ||
| 320 | _aБиблиогр. в конце кн. | ||
| 454 | 0 |
_12001#$aThe wisdom of your face _1700#1$aHaner$bJ.$gJean _tThe wisdom of your face _aHaner, Jean |
|
| 606 |
_aФизиогномика _91613254 _3RU\NLR\AUTH\661009482 |
||
| 675 | _a159.923 | ||
| 686 | 1 | _aЮ9в9 | |
| 700 | 1 |
_aХанер _bД. _gДжин |
|
| 801 | 0 |
_aRU _bRuMoRKP _c20130923 _gRCR |
|
| 801 | 2 |
_aRU _bРГБ _c20130926 |
|
| 801 | 1 |
_aRU _bRuMoRKP _c20130923 _2rusmarc |
|
| 942 | _cBOOK | ||
| 980 | _aNBR | ||